000 00348nam a22001337a 4500
008 181030b xxu||||| |||| 00| 0 eng d
020 _a9780205159291
041 _aeng
080 _23ED
_a316
100 _a50
101 _aSOC
245 _aHuman Behavior And The Social Environment Social Systems Theory
_cMartin..J.M
942 _2udc
_cBK
999 _c51185
_d51185